| 000 | 00750nam a2200241 i 4500 | ||
|---|---|---|---|
| 001 | bg | ||
| 245 | 0 |
_aRachunkowość finansowa : _bpraca zbiorowa / _cpod red. Zbigniewa Messnera. |
|
| 260 |
_aKatowice : _bWydaw. Uczelniane Akademii Ekonomicznej im. Karola Adamieckiego, _c2004. |
||
| 300 |
_a669 s. ; _c24 cm. |
||
| 504 | _aBibliogr. | ||
| 650 | 9 |
_aPrzedsiębiorstwo _xfinanse |
|
| 650 | 9 | _aRachunkowość | |
| 655 | _aPodręczniki | ||
| 700 | 1 |
_aMESSNER, Zbigniew. _e1929- |
|
| 020 | _a8372462674 | ||
| 040 | _cBPK | ||
| 041 | 0 | _apol | |
| 080 | _a657:658.14/.17](07) | ||
| 920 | _a83-7246-267-4 | ||
| 942 | _cKS | ||
| 008 | s pl f |000 0 pol | ||
| 999 |
_c45709 _d45709 |
||
| 856 |
_uhttp://koha.tu.koszalin.pl/cgi-bin/koha/opac-detail.pl?biblionumber=45709 _yKatalog online BPK |
||